000 00763nam a2200217Ii 4500
003 JO-AjNU
008 230605s9999||||xx |||||||||||||| ||und||
040 _aJO-AjNU
_bara
_erda
_cJO-AjNU
041 _aara
050 1 4 _aBP130.I2788.1989
100 3 _aالابراهيم،موسى ابراهيم,
_eauthor
_910168
245 0 0 _aتأملات قرآنية :بحث منهجي في علوم القرآن الكريم
250 _aط1
264 3 1 _aعمان:دار عمار للنشر والتوزيع ،1989
300 _a226ص
336 _atext
_btxt
_2rdacontent
337 _aunmediated
_bn
_2rdamedia
338 _avolume
_bnc
_2rdacarrier
490 0 _aدراسة اسلامية منهجية هادفة 2
650 4 _aالقرآن-علوم-بحوث
_910169
999 _aA1670
_c5238
_d5238